La universidad latinoamericana: visión de una década

Đã lưu trong:
Chi tiết về thư mục
Những tác giả chính: Dooner Díaz, Patricio (Tác giả), Lavados Montes, Iván (Tác giả)
Định dạng: Sách
Ngôn ngữ:Tiếng Tây Ban Nha
Được phát hành: Santiago CPU 1979
Phiên bản:1a. ed
Những chủ đề:
Các nhãn: Thêm thẻ
Không có thẻ, Là người đầu tiên thẻ bản ghi này!

MARC

LEADER 00000cam a2200000 a 4500
001 UCY8916
003 CL-VaPUC
008 950707e19790000CL |||||||||||||||||spa|d
082 0 4 |a 378.8  |b DOO  |2 21 
100 0 |a Dooner Díaz, Patricio  |e author  |9 340739 
700 |a Lavados Montes, Iván  |e author  |9 761237 
245 1 3 |a La universidad latinoamericana: visión de una década 
250 |a 1a. ed 
300 |a 666 p 
942 |c BK 
945 |d 19950707 00:00:00  |a mfernand 
260 |a Santiago  |b CPU  |c 1979 
650 0 |a Educación superior   |9 223851 
650 0 |a Universidades  |9 256317 
650 0 |a Investigación científica  |9 259857 
650 0 |a Estudiantes universitarios  |9 334744 
650 0 |a Movimientos estudiantiles   |9 338921 
650 7 |a PARTICIPACION POLITICA  |2 CL-VaPUC  |9 340741 
650 7 |a REFORMA DE LA EDUCACION  |2 CL-VaPUC  |9 333471 
650 0 |a Cambio social   |9 256857 
650 0 |a Ciencia y tecnología  |9 260585 
651 0 |a América Latina   |9 255027 
583 |a last modification  |c 20150518 09:27:11  |k Rodrigo Vera 
999 |c 236095  |d 236093 
952 |0 0  |1 0  |4 0  |6 378_800000000000000_DOO_1979  |7 0  |8 P  |9 243945  |a BIBEDU  |b BIBEDU  |c BIBEDU_PB  |d 2019-11-18  |i 3200817  |o 378.8 DOO 1979  |p 3200817  |r 2019-11-18  |w 2019-11-18  |y BK  |k EDU 
952 |0 0  |1 0  |4 0  |6 378_800000000000000_DOO_1979  |7 0  |8 A  |9 243946  |a BIBHIS  |b BIBHIS  |d 2019-11-18  |i 1209736  |o 378.8 DOO 1979  |p 1209736  |r 2025-01-20  |w 2019-11-18  |y BK  |k HIS 
952 |0 0  |1 0  |4 0  |6 378_800000000000000_DOO_1979  |7 0  |8 A  |9 243947  |a BIBHIS  |b BIBHIS  |d 2019-11-18  |i 3951529  |o 378.8 DOO 1979  |p 3951529  |r 2025-01-20  |w 2019-11-18  |y BK  |k HIS 
952 |0 0  |1 0  |3 erb  |4 0  |6 378_800000000000000_DOO_1979  |7 0  |8 A  |9 243948  |a BIBTEO  |b BIBTEO  |e Rehbein Pesce, Antonio, -2014  |i 5180287  |o 378.8 DOO 1979  |p 5180287  |r 2025-01-17  |w 2019-11-18  |y BK  |z Catalogado en:20150520  |k ICR 
952 |0 0  |1 0  |3 erb  |4 0  |6 378_800000000000000_DOO_1979  |7 0  |8 A  |9 243949  |a BIBTEO  |b BIBTEO  |e Rehbein Pesce, Antonio, -2014  |i 5180899  |o 378.8 DOO 1979  |p 5180899  |r 2025-01-17  |w 2019-11-18  |y BK  |z Catalogado en:20150710  |k ICR